[Event "POL-ch U18"]
[Site "Karpacz"]
[Date "2015.03.15"]
[Round "1"]
[White "Mucha, Piotr"]
[Black "Eggink, Ryszard"]
[Result "1/2-1/2"]
[WhiteElo "2102"]
[BlackElo "2284"]
[PlyCount "121"]
[EventDate "2015.03.15"]
[EventType "swiss"]
[EventRounds "9"]
[EventCountry "POL"]
[SourceTitle "EXT 2017"]
[Source "ChessBase"]
[SourceDate "2016.10.25"]
[SourceVersion "1"]
[SourceVersionDate "2016.10.25"]
[SourceQuality "1"]

1. e4 c5 2. Nf3 e6 3. d4 cxd4 4. Nxd4 Nc6 5. Nc3 Qc7 6. Be3 a6 7. Bd3 Nf6 8. 0-0 Ne5 9. Nf3 Ng6 10. h3 b5 11. Re1 Bb7 12. a3 Be7 13. Qd2 0-0 14. Nd4 d5 15. exd5 Nxd5 16. Nxd5 Bxd5 17. Bg5 Rfd8 18. Bxe7 Qxe7 19. Qe3 Qf6 20. c3 e5 21. Ne2 Nf4 22. Nxf4 exf4 23. Qe5 Qxe5 24. Rxe5 Bxg2 25. Bxh7+ Kxh7 26. Kxg2 Rd2 27. b4 Rc8 28. Rf5 Rxc3 29. Rxf4 f6 30. a4 bxa4 31. Rxa4 Rc6 32. Ra3 Rb2 33. Rd3 g5 34. Re4 Rb6 35. Rdd4 Kg6 36. Rc4 Rb5 37. Kg3 Rd5 38. Red4 Rf5 39. f4 Rb3+ 40. Kg2 Kh5 41. Re4 g4 42. hxg4+ Kxg4 43. Rc5 Rb2+ 44. Kf1 Rxb4 45. Rxb4 Rxc5 46. Rb6 Kf3 47. Ke1 f5 48. Rxa6 Rc1+ 49. Kd2 Rc4 50. Kd3 Re4 51. Ra1 Rxf4 52. Rf1+ Kg3 53. Rg1+ Kf2 54. Rg5 Kf3 55. Rg1 Kf2 56. Rg5 Rf3+ 57. Kd4 Ke2 58. Rg2+ Kf1 59. Ra2 Kg1 60. Ke5 Rf1 61. Ra4 1/2-1/2